Manual de asesoramiento y orientación vocacional
Gespeichert in:
| 1. Verfasser: | |
|---|---|
| Format: | Buch |
| Sprache: | Spanisch |
| Veröffentlicht: |
Madrid
Síntesis
1995
|
| Schriftenreihe: | Psicología Evolutiva y de la Educación
|
| Schlagworte: | |
| Tags: |
Tag hinzufügen
Keine Tags, Fügen Sie den ersten Tag hinzu!
|
MARC
| LEADER | 00000nam a2200000 a 4500 | ||
|---|---|---|---|
| 001 | UCN7691 | ||
| 003 | CL-VaPUC | ||
| 008 | 011019e19950000SP |||||||||||||||||spa|d | ||
| 082 | 0 | 4 | |a 371.4 |b RIV |2 21 |
| 100 | 0 | |a Rivas Martínez, Francisco |e author |9 463676 | |
| 245 | 1 | 0 | |a Manual de asesoramiento y orientación vocacional |
| 300 | |a 543 p | ||
| 942 | |c BK | ||
| 945 | |d 20011019 00:00:00 |a rbrito | ||
| 260 | |a Madrid |b Síntesis |c 1995 | ||
| 650 | 0 | |a Orientación profesional |9 308504 | |
| 650 | 7 | |a EDUCACION Y EMPLEO |2 CL-VaPUC |9 338744 | |
| 650 | 7 | |a ENSEÑANZA PROFESIONAL |2 CL-VaPUC |9 463677 | |
| 650 | 0 | |a Transición a la vida activa |9 356358 | |
| 650 | 0 | |a Orientador vocacional |9 463678 | |
| 583 | |a last modification |c 20011019 00:00:00 |k Rodrigo Vera | ||
| 490 | 0 | |a Psicología Evolutiva y de la Educación | |
| 999 | |c 297905 |d 297903 | ||
| 952 | |0 0 |1 0 |4 0 |6 371_400000000000000_RIV_1995 |7 0 |8 A |9 352952 |a BIBEDU |b BIBEDU |d 2019-11-21 |i 3756912 |o 371.4 RIV 1995 |p 3756912 |r 2019-11-21 |w 2019-11-21 |y BK |k EPE | ||